00161nam a2200073Ia 4500008004100000082000800041100001800049245002000067240331s9999 xx 000 0 und d bWOM aVarme,K.R. ed 0aWomen in Kerala